000 00785nam a2200193Ii 4500
003 JO-AjNU
008 230605s9999||||xx |||||||||||||| ||und||
040 _aJO-AjNU
_bara
_erda
_cJO-AjNU
041 _aara
050 1 4 _aHG1707.A3572 1986
100 3 _aنور، احمد ، م.مشارك احمد بسيوني شحاته,
_eauthor
_945716
245 0 0 _aمحاسبة المنشآت المالية: تصميم النظام المحاسبي ، شركات التأمين ، البنوك
264 3 1 _aبيروت: دار النهضة العربية للطباعة والنشر، 1986
300 _a557ص
336 _atext
_btxt
_2rdacontent
337 _aunmediated
_bn
_2rdamedia
338 _avolume
_bnc
_2rdacarrier
650 4 _aالمنشآت المالية - محاسبة
_945717
999 _aA19837
_c23405
_d23405